000 00910nam a2200229 i 4500
001 95139
003 ES-MaACL
005 20250524180310.0
007 t|
008 050523s1914 sp ||||1| spa d
080 _a821.134.2-31"18"
100 1 _aLuque, Fernando.
_974813
245 1 0 _aFilosofía cómica :
_b¿y la cabeza de Policleto?, el doctor Mínguez y su conciencia, un acto del drama de la vida, Haschich /
_cFernando Luque ; comentarios de Schopenhauer y Luis de Tapia ; dibujos de Tovar ... [et al.].
260 _aMadrid :
_b[s.n.],
_c1914 (
_fImp. Hispano-Alemana)
300 _a227 p. :
_bil. ;
_c19 cm.
650 4 _aFilosofía-
_vObras satíricas y humorísticas.
_912820
700 1 _aSchopenhauer, Arthur,
_d1788-1860
_9240710
700 1 _aTapia, Luis de,
_d1871-1937
_9109228
700 0 _aTovar
_c, ilustrador.
_9157378
852 _aES-MaACL
_jD-673
999 _c95139
_d95139